00550nam a22001697a 450000500170000001000130001702000090003003500130003903700090005208200080006110000280006924500620009724600810015926000780024027000420031830000200036020200129111905.0 aA-564414 c6.10 aA-564414 bBPPD a530 aوی-ایس-بھسین  aطبیعیات (حصہ اول) /cوی-ایس-بھسین  aTabaiyat (Physics): Secondary School ke Liye Nasabi Kitab /bby V. S. Bhasin aNew DelhibNational Council of Educational Research and Trainingc1985 ء aSri Aurobindo MargbNew Delhie110016 a162p.c23cm(Hb)